Ötvennyolc tudományos előadás a fogorvos vándorgyűlésen

Elmentve itt :
Bibliográfiai részletek
Dokumentumtípus: Cikk
Megjelent: 1960-05-07
Sorozat:Délmagyarország 50 No. 107
Kulcsszavak:Fogorvostudomány vándorgyűlés Szeged 1960
Online Access:http://dmarchiv.bibl.u-szeged.hu/36094
LEADER 00463nab a2200145 i 4500
001 delm36094
005 20180927112831.0
008 180927s1960 hu o 0|| hun d
040 |a SZTE Délmagyarország Archívum  |b hun 
041 |a hun 
245 0 0 |a Ötvennyolc tudományos előadás a fogorvos vándorgyűlésen  |h [elektronikus dokumentum] 
260 |c 1960-05-07 
300 |a 1 
490 0 |a Délmagyarország  |v 50 No. 107 
695 |a Fogorvostudomány vándorgyűlés Szeged 1960